banner-ar

يوميات جمال عبدالناصر فى حرب فلسطين : (Record no. 61608)

MARC details
000 -الفاتح
حقل البيانات ثابتة الطول 00917nam a22002177a 4500
005 - وقت وتاريخ اخر تعامل مع التسجيلة
رقم الضبط 20240530110508.0
008 - عناصر البيانات ثابتة الطول - معلومات عامة
حقل البيانات ثابتة الطول 151021s2010 ua a f 000 0cara d
017 ## - رقم الايداع القانونى
رقم الايداع القانونى 2010/19105
المصدر ( الهيئة المختصة) مصر . دار الكتب المصرية
040 ## - مصدر الفهرسة
وكالة الفهرسة الأصلية EG-CaGPL
082 04 - رقم تصنيف ديوى العشرى
رقم الطبعة 21
رقم التصنيف 923.1
رقم المادة ق/ع ى
100 0# - المدخل الرئيسى - إسم شخصى
الإسم الشخصى عبدالله السناوى .
245 10 - بيان العنوان
العنوان يوميات جمال عبدالناصر فى حرب فلسطين :
بقية العنوان النصوص الكاملة بخط يده /
بيان المسئوليه,etc عبدالله السناوى .
250 ## - بيان الطبعة
بيان الطبعة ط1.
260 ## - PUBLICATION, DISTRIBUTION, ETC. (IMPRINT)
تاريخ النشر أو التوزيع 2010 .
300 ## - الوصف المادى
التعداد 375 ص :
تفاصيل ماديه اخرى للوعاء ايض ؛
أبعاد الوعاء 24 سم .
600 04 - المدخل الاضافى بالموضوع-اسم شخصى
الإسم الشخصى جمال عبدالناصر
التقسيم الفرعي الشكلي مذكرات .
600 04 - المدخل الاضافى بالموضوع-اسم شخصى
الإسم الشخصى جمال عبدالناصر
التقسيم الفرعي الشكلي خطابات .
651 04 - المدخل الاضافى بالموضوع - اسم جغرافى
الاسم الجغرافي مصر
التقسيم الفرعي العام تاريخ
التقسيم الفرعي الزمني العصر الحديث
-- جمال عبدالناصر .
942 ## - عناصر المدخل الإضافي( كوها)
مصدر التصنيف او مخطط الترفيف Dewey Decimal Classification
Koha [default] item type كتاب
260 ## - PUBLICATION, DISTRIBUTION, ETC. (IMPRINT)
-- القاهرة :
-- مكتبة جزيرة الورد ،
Holdings
حالة التراجع حالة الفقد حالة تلف ليس للاعارة المكان المؤقت الموقع الحالى تاريخ الاكتساب اجمالي اﻻعارات رقم الطلب الباركود تاريخ اخر مشاهدة تاريخ تفعيل السعر نوع وعاء كوها
        مكتبة القاهرة الكبرى مكتبة القاهرة الكبرى 10/21/2015   923.1 ق/ع ى 160940 10/21/2015 10/21/2015 كتاب

Powered By

EGPV